000 00300nam a2200133Ia 4500
008 210312s9999||||xx |||||||||||||| ||und||
041 _aosm
050 _aL101
050 _bM43
245 0 _aMecmua-i muallim
260 _c1309
500 _a1. sene 3. nüsha
650 _aEğitim--Süreli yayınlar
999 _c22294
_d22294